UM Logo

Statistics and probability/ (Record no. 5469)

MARC details
000 -LEADER
fixed length control field 00694nam a22002057a 4500
008 - FIXED-LENGTH DATA ELEMENTS--GENERAL INFORMATION
fixed length control field 161104b xxu||||| |||| 00| 0 eng d
020 ## - INTERNATIONAL STANDARD BOOK NUMBER
International Standard Book Number 978-971-23-7839-3
082 ## - DEWEY DECIMAL CLASSIFICATION NUMBER
Edition number 2016
Classification number DFil 519.5
Item number B41s
100 ## - MAIN ENTRY--PERSONAL NAME
9 (RLIN) 16810
Personal name Belecina, Rene R.
245 ## - TITLE STATEMENT
Title Statistics and probability/
Statement of responsibility, etc. Rene R. Belecina, Elisa S. Baccay and Efren B. Mateo.
250 ## - EDITION STATEMENT
Edition statement First edition.
260 ## - PUBLICATION, DISTRIBUTION, ETC. (IMPRINT)
Place of publication, distribution, etc. Sampaloc, Manila:
Name of publisher, distributor, etc. Rex Book Store,
Date of publication, distribution, etc. c2016.
300 ## - PHYSICAL DESCRIPTION
Extent vi, 331 pages;
Dimensions 25 cm.
500 ## - GENERAL NOTE
General note Includes bibliographical references and glossary.
650 #0 - SUBJECT ADDED ENTRY--TOPICAL TERM
9 (RLIN) 16814
Topical term or geographic name as entry element Probabilities.
650 #0 - SUBJECT ADDED ENTRY--TOPICAL TERM
9 (RLIN) 16815
Topical term or geographic name as entry element Statistics.
700 ## - ADDED ENTRY--PERSONAL NAME
9 (RLIN) 16811
Personal name Baccay, Elisa S.
700 ## - ADDED ENTRY--PERSONAL NAME
9 (RLIN) 16812
Personal name Mateo, Efren B.
942 ## - ADDED ENTRY ELEMENTS (KOHA)
Source of classification or shelving scheme Dewey Decimal Classification
Koha item type Filipiniana
Holdings
Withdrawn status Lost status Source of classification or shelving scheme Damaged status Not for loan Collection code Home library Current library Shelving location Date acquired Source of acquisition Total Checkouts Full call number Barcode Date last seen Date last checked out Price effective from Koha item type
    Dewey Decimal Classification     Filipiniana UM Digos College - LIC UM Digos College - LIC Book Cart 10/27/2016 Purchased 20 DFil 519.5 B41s 2016 24346 05/15/2025 03/07/2024 11/04/2016 Filipiniana